书目信息 |
| 题名: |
走出心的樊篱
|
|
| 作者: | 秋明 编 | |
| 分册: | ||
| 出版信息: | 北京 中国社会出版社 1991.9 |
|
| 页数: | 223页 | |
| 开本: | 19cm | |
| 丛书名: | 两人世界丛书 | |
| 单 册: | ||
| 中图分类: | C912.69 | |
| 科图分类: | 59.889 | |
| 主题词: | 妇女心理学--通俗读物 | |
| 电子资源: | ||
| ISBN: | 7-80088-071-0 | |
| 000 | 01008nam2 2200277 45 | |
| 001 | 0192015390 | |
| 005 | 20070721161047.81 | |
| 010 | @a7-80088-071-0@dCNY3.80 | |
| 100 | @a19920527d1991 em y0chiy0121 ea | |
| 101 | 0 | @achi |
| 102 | @aCN@b110000 | |
| 105 | @ay z 000yy | |
| 200 | 10 | @a走出心的樊篱@AZOU CHU XIN DE FAN LI@e《秋明信箱》札记@E《 QIU MING XIN XIANG 》 ZHA JI@f秋 明编@FQIU MING BIAN |
| 210 | @a北京@c中国社会出版社@d1991.9 | |
| 215 | @a223页@d19cm | |
| 225 | 2 | @a两人世界丛书@f谢丽华主编 |
| 314 | @a秋明,女《中国妇女报》“秋明信箱”栏目主持人 | |
| 330 | @a本书为《中国妇女报》,“秋明信箱”专栏的精选,以一位离异女编辑的亲身经历和人生感受,从家庭、道德、法律、生理心理等诸方面讨论妇女婚恋等问题。 | |
| 410 | 0 | @120010@a两人世界丛书 |
| 540 | 1 | @a心 樊篱 秋明 信箱@AXIN FAN LI QIU MING XIN XIANG |
| 606 | @a妇女心理学@x通俗读物 | |
| 690 | @aC912.69@v三版 | |
| 692 | @a59.889 | |
| 701 | 0 | @a秋明@AQIU MING@4编 |
| 801 | 0 | @aCN@bTSSF@c20070721 |
| 905 | @a10447@dC912.69@e595 | |
| 走出心的樊篱:《秋明信箱》札记/秋 明编.-北京:中国社会出版社,1991.9 |
| 223页;19cm.-(两人世界丛书/谢丽华主编) |
| ISBN 7-80088-071-0:CNY3.80 |
| 本书为《中国妇女报》,“秋明信箱”专栏的精选,以一位离异女编辑的亲身经历和人生感受,从家庭、道德、法律、生理心理等诸方面讨论妇女婚恋等问题。 |
| ● |
| 相关链接 |
|
|
|
|
正题名:走出心的樊篱
索取号:C912.69/595
 
预约/预借
| 序号 | 登录号 | 条形码 | 馆藏地/架位号 | 状态 | 备注 |
| 1 | 0766434 | 207664348 | 第一样本阅览室/ [索取号:C912.69/595] | 在馆 |